000 00655nam a2200205Ia 4500
003 GCL
008 140319s9999 xx 000 0 ara d
040 _aGCL /
_cGCL
082 0 4 _a813.03
_bج ك
100 1 _aجمال الغيطانى
245 1 0 _aكتاب التجليات: الاسفار الثلاثة /
_cجمال الغيطانى
250 _aالاولى
260 _aالقاهرة :
_bدار الشروق ،
_c1990
300 _a815 ص ؛
_c18 سم
490 _a100 قصة
_v0
650 0 4 _aالقصص العربية
650 0 4 _aالادب العربى - العصر الحديث
650 0 4 _aالقصص - مصر
942 _2ddc
_cBK
999 _c45931
_d45931